[Event "Titled Tue 1st Jul Late"]
[Site "chess.com INT"]
[Date "2025.07.01"]
[Round "8"]
[White "Wang, Justin Zhide"]
[Black "Caruana, Fabiano"]
[Result "0-1"]
[WhiteTitle "CM"]
[BlackTitle "GM"]
[WhiteElo "2085"]
[BlackElo "2777"]
[WhiteFideId "4312830"]
[BlackFideId "2020009"]
[EventDate "2025.07.01"]

1. e4 c5 2. Nf3 Nc6 3. Bb5 e6 4. O-O Nge7 5. Re1 Ng6 6. c3 Be7 7. d4 cxd4 8.
cxd4 d5 9. Nc3 O-O 10. Be3 dxe4 11. Nxe4 Nb4 12. Qb3 b6 13. Bd2 a5 14. a3 Nd5
15. Rac1 Bb7 16. Bf1 Rc8 17. Rxc8 Qxc8 18. Ng3 Qb8 19. Rc1 Rc8 20. Rxc8+ Qxc8
21. Qc4 Qxc4 22. Bxc4 h6 23. Ne2 Bd6 24. Ne1 Nge7 25. f3 Bc6 26. Bd3 Kf8 27. Nc2
Nf5 28. h3 Ke7 29. Kf2 Kd7 30. Nc3 Bg3+ 31. Kf1 Nxc3 32. Bxc3 g5 33. Bxf5 exf5
34. Ne3 Ke6 35. Ke2 Bc7 36. Be1 f4 37. Ng4 h5 38. Ne5 Bb5+ 39. Kf2 f6 40. a4
Bxa4 41. Nc4 Kd5 42. Na3 Bd6 43. Nb1 Bc6 44. Bc3 Kc4 45. Nd2+ Kd3 46. Nf1 Bd5
47. Ke1 a4 48. Nd2 a3 49. Nb3 Bxb3 50. bxa3 Kxc3 51. d5 Kd3 52. Kf2 0-1

[Event "Titled Tue 1st Jul Late"]
[Site "chess.com INT"]
[Date "2025.07.01"]
[Round "8"]
[White "Zepeda Berlanga, Jan Enrique"]
[Black "Tasic, Vladimir"]
[Result "0-1"]
[WhiteTitle "CM"]
[WhiteElo "1984"]
[BlackElo "2208"]
[WhiteFideId "5132355"]
[BlackFideId "919667"]
[EventDate "2025.07.01"]

1. e4 c5 2. Nf3 Nc6 3. d4 cxd4 4. Nxd4 Nf6 5. Nc3 d6 6. Bg5 e6 7. Qd2 a6 8.
O-O-O Bd7 9. f4 b5 10. Nf3 b4 11. Ne2 Nxe4 12. Bxd8 Nxd2 13. Bc7 Nxf3 14. gxf3
d5 15. f5 Bc5 16. fxe6 fxe6 17. Kb1 O-O 18. Nf4 Rac8 19. Nd3 Be7 20. Bf4 a5 21.
Bh3 Rf6 22. Rde1 Rcf8 23. Bg5 Rxf3 24. Bxe7 Nxe7 25. Bxe6+ Bxe6 26. Rxe6 Rf1+
27. Rxf1 Rxf1+ 28. Re1 Rxe1+ 29. Nxe1 g5 30. Kc1 Kf7 31. Kd2 Ke6 32. Ke3 Nf5+
33. Kf3 h5 34. h3 Kd6 35. Ke2 Ke5 36. Kf3 Nd4+ 37. Ke3 Nf5+ 38. Kf3 Kd6 39. Ke2
a4 40. Nf3 g4 41. hxg4 hxg4 42. Ne1 Nd4+ 43. Ke3 Ne6 44. Nd3 b3 45. cxb3 axb3
46. a4 Nc5 47. Nc1 g3 48. Kf3 d4 49. Kxg3 d3 0-1

[Event "Titled Tue 1st Jul Late"]
[Site "chess.com INT"]
[Date "2025.07.01"]
[Round "8"]
[White "Fernandes, Rogerio Paulo Muller"]
[Black "Guerrero Cataldo, Juan Andres"]
[Result "1-0"]
[BlackTitle "CM"]
[WhiteElo "2241"]
[BlackElo "2082"]
[WhiteFideId "2101599"]
[BlackFideId "3421260"]
[EventDate "2025.07.01"]

1. c4 d6 2. g3 c6 3. Bg2 Nd7 4. Nf3 Qc7 5. O-O e5 6. Nc3 Ngf6 7. d3 Be7 8. Rb1
Kf8 9. b4 a6 10. a4 g6 11. Bh6+ Kg8 12. h3 Bf8 13. Qd2 Qd8 14. b5 axb5 15. axb5
Bxh6 16. Qxh6 Qf8 17. Qxf8+ Kxf8 18. bxc6 bxc6 19. Ng5 Ra3 20. Rfc1 h6 21. Nge4
Ne8 22. Nd2 Ra6 23. Ra1 Rxa1 24. Rxa1 Bb7 25. Ra7 Nc5 26. Nde4 Nxe4 27. Bxe4 d5
28. Rxb7 dxe4 29. Nxe4 f5 30. Nc5 Nd6 31. Rc7 g5 32. Rxc6 Ke7 33. Rc7+ Ke8 34.
Ne6 Rg8 35. c5 Nf7 36. Rc8+ Ke7 37. Rxg8 Kxe6 38. Rg6+ Ke7 39. Kg2 h5 40. h4
gxh4 41. gxh4 Nd8 42. Rh6 Ne6 43. c6 Nf4+ 44. Kf3 Kd8 45. e3 Nxd3 46. Rxh5 e4+
47. Ke2 Ne5 48. Rxf5 Nxc6 49. Rf4 Ke7 50. Rxe4+ Kf6 51. Rg4 Ne5 52. Rg3 Ng6 53.
h5 Nh4 54. f4 Nf5 55. Rg5 Nd6 56. h6 Nf7 57. Rh5 Kg6 58. Rh2 Nxh6 59. Rxh6+ Kxh6
60. Kf3 Kg6 61. e4 Kf6 62. e5+ Ke6 63. Ke4 Kf7 64. f5 Ke7 65. e6 Kf6 66. Kf4 Ke7
67. Ke5 Ke8 68. f6 Kf8 69. Kd6 Ke8 70. Kc7 Kf8 71. Kd7 Kg8 72. e7 Kh7 73. e8=Q 1-0

[Event "Titled Tue 1st Jul Late"]
[Site "chess.com INT"]
[Date "2025.07.01"]
[Round "8"]
[White "Beyer, Lorenz"]
[Black "Chekletsov, Ilya"]
[Result "0-1"]
[WhiteTitle "CM"]
[BlackTitle "IM"]
[WhiteElo "2226"]
[BlackElo "2338"]
[WhiteFideId "16245393"]
[BlackFideId "24177156"]
[EventDate "2025.07.01"]

1. d4 Nf6 2. Bf4 d6 3. h3 h6 4. Nf3 Nbd7 5. e3 b6 6. Be2 Bb7 7. a4 a6 8. O-O g5
9. Bh2 Rg8 10. Nbd2 h5 11. Bd3 g4 12. hxg4 Nxg4 13. Bg3 Nxe3 14. fxe3 Rxg3 15.
Ne4 Rg4 16. Nf2 Rg8 17. e4 e6 18. Qe2 Qf6 19. c3 Bh6 20. Nh3 Qg7 21. Rae1 Qg4
22. Kh1 Qg3 23. Qf2 O-O-O 24. Qxg3 Rxg3 25. Re2 Rf8 26. Nh2 Kd8 27. Rf3 h4 28.
Rxg3 hxg3 29. Ng4 Bg7 30. Nf4 Rh8+ 31. Kg1 Rh4 32. d5 Rxg4 33. dxe6 Rxf4 34.
exd7 Kxd7 35. Re3 Rg4 36. Rf3 Ke7 37. Re3 a5 38. Kf1 Be5 39. Ke2 Rf4 40. Rxg3
Bxe4 41. Re3 Bxg2 42. Bc4 Rxc4 0-1

[Event "Titled Tue 1st Jul Late"]
[Site "chess.com INT"]
[Date "2025.07.01"]
[Round "8"]
[White "Bogaudinov, Rushan"]
[Black "Sinkar, Anagha Aniket"]
[Result "0-1"]
[WhiteTitle "FM"]
[BlackTitle "WCM"]
[WhiteElo "1912"]
[BlackElo "1776"]
[WhiteFideId "4129288"]
[BlackFideId "30974780"]
[EventDate "2025.07.01"]

1. d4 Nf6 2. Nf3 g6 3. g3 Bg7 4. Bg2 O-O 5. O-O d6 6. b3 c5 7. e3 Nc6 8. Bb2
cxd4 9. exd4 b6 10. Ne5 dxe5 11. Bxc6 Rb8 12. dxe5 Ng4 13. Qxd8 Rxd8 14. f4 Bf5
15. c4 Ne3 16. Nc3 Nxf1 17. Rxf1 Rd2 18. Rf2 Rbd8 19. Nd5 Rxf2 20. Kxf2 e6 21.
Ne7+ Kf8 22. Ba3 Rd2+ 23. Ke3 Rxa2 24. Bd6 Bb1 25. h3 Rb2 26. Ba4 Bc2 27. Nxg6+
Kg8 28. Ne7+ Kh8 29. Be8 Rxb3+ 30. Kd2 Bg6 31. Nxg6+ fxg6 32. g4 Kg8 33. h4 Rg3
34. g5 Rg4 35. Ke3 Rxh4 36. Bb8 a5 37. Bc7 Rh3+ 38. Kd4 Rb3 39. Ba4 Rb4 40. Bd7
Kf7 41. Bd6 Rb1 42. c5 Rb4+ 43. Ke3 bxc5 44. Bxc5 Rc4 45. Bb6 a4 46. Bd4 a3 47.
Bb5 Rb4 48. Bd3 a2 49. Bc3 Rb3 50. Ba1 Bf8 51. Kd2 Bb4+ 52. Kc1 Rxd3 0-1

[Event "Titled Tue 1st Jul Late"]
[Site "chess.com INT"]
[Date "2025.07.01"]
[Round "8"]
[White "Povshednyi, Ivan"]
[Black "Craciun, Sasha-Matei"]
[Result "1-0"]
[WhiteTitle "FM"]
[BlackTitle "FM"]
[WhiteElo "2309"]
[BlackElo "2320"]
[WhiteFideId "14190907"]
[BlackFideId "1281186"]
[EventDate "2025.07.01"]

1. Nf3 d5 2. g3 Nf6 3. Bg2 e6 4. O-O Be7 5. c4 O-O 6. d3 c5 7. Ne5 Qc7 8. f4 Rd8
9. Nc3 Nc6 10. Nxc6 bxc6 11. Qe1 Rb8 12. b3 Ne8 13. Ba3 Qa5 14. Na4 Qxe1 15.
Rfxe1 Bf6 16. Rac1 e5 17. fxe5 Bxe5 18. Bxc5 Rb7 19. Be3 Bg4 20. Kf1 Re7 21. Bc5
Re6 22. Bf3 Bh3+ 23. Kg1 Nf6 24. Bxa7 h5 25. Bf2 h4 26. gxh4 Ng4 27. Bxg4 Bxg4
28. Kg2 Bf6 29. Nc5 Re7 30. e3 Bb2 31. Rc2 Ba3 32. e4 d4 33. Na4 f5 34. h3 Bh5
35. exf5 Rxe1 36. Bxe1 c5 37. Bg3 Re8 38. Bd6 Re3 39. Bxc5 Bd1 40. Rd2 Bf3+ 41.
Kf2 Bc1 42. Bxd4 1-0

[Event "Titled Tue 1st Jul Late"]
[Site "chess.com INT"]
[Date "2025.07.01"]
[Round "8"]
[White "Erdogmus, Yagiz Kaan"]
[Black "Maghsoodloo, Parham"]
[Result "1-0"]
[WhiteTitle "GM"]
[BlackTitle "GM"]
[WhiteElo "2626"]
[BlackElo "2691"]
[WhiteFideId "44599790"]
[BlackFideId "12539929"]
[EventDate "2025.07.01"]

1. e4 c5 2. b3 d6 3. Bb2 Nf6 4. Nc3 a6 5. f4 Nc6 6. Nf3 Bg4 7. Be2 g6 8. e5 dxe5
9. fxe5 Nd7 10. O-O Bg7 11. Ng5 Bxe2 12. e6 Nde5 13. exf7+ Nxf7 14. Nxe2 Nxg5
15. Bxg7 Rg8 16. Bc3 Ne4 17. Nf4 Qd6 18. Qe2 Nxc3 19. dxc3 O-O-O 20. Ne6 Qd2 21.
Qg4 Rd5 22. Kh1 Kb8 23. Rad1 Ne5 24. Rxd2 Nxg4 25. Rxd5 Ne3 26. Rdd1 Nxf1 27.
Rxf1 b6 28. Rf8+ 1-0

[Event "Titled Tue 1st Jul Late"]
[Site "chess.com INT"]
[Date "2025.07.01"]
[Round "8"]
[White "Arslanov, Shamil"]
[Black "Rodriguez, Santiago"]
[Result "1-0"]
[WhiteTitle "IM"]
[BlackTitle "CM"]
[WhiteElo "2410"]
[BlackElo "2252"]
[WhiteFideId "4192826"]
[BlackFideId "3000591"]
[EventDate "2025.07.01"]

1. d4 Nf6 2. f3 d5 3. e4 dxe4 4. Nc3 c5 5. d5 e3 6. Bxe3 g6 7. Bxc5 Bg7 8. Bc4
O-O 9. Bb3 Qa5 10. Bd4 b5 11. a3 Bb7 12. Ne2 Rd8 13. O-O Nxd5 14. Bxd5 Bxd4+ 15.
Qxd4 e6 16. Bxb7 Rxd4 17. Nxd4 Qb6 18. Bxa8 Qxd4+ 19. Kh1 a6 20. Rad1 Qf6 21.
Rd2 a5 22. Nxb5 Na6 23. c4 a4 24. Nc3 Nc5 25. Ne4 Nxe4 26. Bxe4 Kg7 27. c5 Qf4
28. Rc2 f5 29. Bc6 h5 30. Bb5 h4 31. h3 Qb8 32. Bxa4 Kf6 33. c6 Qc7 34. Rd1 Kg5
35. Rd7 Qa5 36. Rc1 Qxa4 37. Rdd1 Kf4 38. c7 Kg3 39. c8=Q Qb3 40. Qc7+ f4 41.
Qe5 Qe3 42. Qxe3 fxe3 43. a4 e2 44. Re1 Kf2 45. a5 e5 46. a6 e4 47. fxe4 g5 48.
a7 g4 49. hxg4 h3 50. gxh3 Kg3 51. Rxe2 Kxh3 52. Rg2 Kh4 53. Rc5 1-0

[Event "Titled Tue 1st Jul Late"]
[Site "chess.com INT"]
[Date "2025.07.01"]
[Round "8"]
[White "Szpar, Milosz"]
[Black "Motola, Jacopo"]
[Result "1-0"]
[WhiteTitle "IM"]
[BlackTitle "FM"]
[WhiteElo "2495"]
[BlackElo "2330"]
[WhiteFideId "1184989"]
[BlackFideId "863190"]
[EventDate "2025.07.01"]

1. e4 e5 2. Nf3 Nc6 3. Bb5 Nf6 4. d3 Bc5 5. Bxc6 dxc6 6. Nbd2 O-O 7. Nc4 Nd7 8.
O-O f6 9. a4 a5 10. Bd2 b6 11. Nh4 Rf7 12. Kh1 Nf8 13. Ne3 Ne6 14. Nhf5 Bf8 15.
Ng4 Nd4 16. Nxd4 exd4 17. h3 c5 18. Qf3 Bb7 19. Qg3 Kh8 20. Rae1 Bd6 21. Bf4 Bc6
22. e5 fxe5 23. Nxe5 Bxe5 24. Rxe5 Bxa4 25. Rg5 Bxc2 26. Be5 Qf8 27. f4 Re8 28.
Rf3 c4 29. Rh5 cxd3 30. Qg6 Qg8 31. Rxh7+ Qxh7 32. Qxf7 Rg8 33. Rf2 Bd1 34. f5
Bh5 35. Qd7 d2 36. Rxd2 Be8 37. Qe6 Rf8 38. f6 gxf6 39. Bxf6+ Rxf6 40. Qxf6+ Kg8
41. Rxd4 1-0

[Event "Titled Tue 1st Jul Late"]
[Site "chess.com INT"]
[Date "2025.07.01"]
[Round "8"]
[White "Mizzi, Jack"]
[Black "Silvestre, Christian"]
[Result "1-0"]
[WhiteTitle "CM"]
[WhiteElo "2107"]
[BlackElo "1992"]
[WhiteFideId "5602521"]
[BlackFideId "30956269"]
[EventDate "2025.07.01"]

1. d4 Nf6 2. c4 c5 3. d5 e6 4. Nc3 exd5 5. cxd5 d6 6. Nf3 g6 7. g3 Bg7 8. Bg2
O-O 9. O-O Re8 10. Bf4 Nh5 11. Bg5 Bf6 12. Qd2 Bxg5 13. Qxg5 Qxg5 14. Nxg5 a6
15. a4 Nf6 16. a5 h6 17. Nge4 Nxe4 18. Nxe4 Rd8 19. Rac1 Bf5 20. Nc3 Bd7 21. Ne4
Bb5 22. Rfe1 f5 23. Nc3 Nd7 24. e4 Ne5 25. Red1 fxe4 26. Nxe4 Kg7 27. Bf1 Bxf1
28. Kxf1 Rd7 29. Rc3 Rf8 30. Kg2 g5 31. Re1 c4 32. Re2 Nd3 33. b3 Ne5 34. Nxd6
Rc8 35. Nxc8 1-0

[Event "Titled Tue 1st Jul Late"]
[Site "chess.com INT"]
[Date "2025.07.01"]
[Round "8"]
[White "Colville, Julian"]
[Black "Deng, Henry"]
[Result "1-0"]
[WhiteTitle "FM"]
[BlackTitle "FM"]
[WhiteElo "2268"]
[BlackElo "2327"]
[WhiteFideId "30963273"]
[BlackFideId "30965454"]
[EventDate "2025.07.01"]

1. e4 g6 2. h4 Bg7 3. h5 h6 4. hxg6 fxg6 5. Qg4 Kf7 6. e5 d5 7. Qg3 Bf5 8. Nf3
e6 9. d3 g5 10. Nd4 Ne7 11. Nd2 Nd7 12. N2f3 Ng6 13. Nxf5 exf5 14. d4 Ndf8 15.
Bd3 Qd7 16. Bxg5 hxg5 17. Rxh8 Bxh8 18. Qxg5 Bg7 19. Bxf5 Qe7 20. e6+ Kg8 21.
Bxg6 Qxe6+ 22. Ne5 Nxg6 23. Qxg6 Qxg6 24. Nxg6 Bxd4 25. c3 Bf6 26. O-O-O c6 27.
Kc2 Kf7 28. Nf4 Rg8 29. g3 Be5 30. Nd3 Bd6 31. Rh1 Kg6 32. Kd2 Rf8 33. f4 c5 34.
Ke3 Re8+ 35. Kf3 c4 36. Nf2 Bc5 37. Ng4 d4 38. Ne5+ Kg7 39. cxd4 Bxd4 40. Nxc4
b5 41. Nd6 Re3+ 42. Kg4 Kf6 43. Rh6+ Kg7 44. Nf5+ Kf7 45. Nxe3 Bxe3 46. Rh7+ Kg6
47. Rb7 Bb6 48. f5+ Kf6 49. Rxb6+ axb6 50. Kf4 b4 51. g4 b3 52. axb3 b5 53. b4
Kf7 54. Ke5 Ke7 55. g5 Kf7 56. g6+ Kg7 57. Ke6 Kh6 58. f6 Kg5 59. f7 Kf4 60.
f8=Q+ Ke3 61. g7 Kd3 62. g8=Q Kc4 63. Qc5+ Kb3 64. Kd6+ Ka4 65. Qc2+ Kxb4 66.
Qc3+ Ka4 67. Qa3# 1-0

[Event "Titled Tue 1st Jul Late"]
[Site "chess.com INT"]
[Date "2025.07.01"]
[Round "8"]
[White "Jimenez Salas, Maria Teresa"]
[Black "Santos, Antonio P"]
[Result "1-0"]
[WhiteTitle "WIM"]
[BlackTitle "FM"]
[WhiteElo "2170"]
[BlackElo "2165"]
[WhiteFideId "3843866"]
[BlackFideId "1900161"]
[EventDate "2025.07.01"]

1. e4 c5 2. Nf3 d6 3. d4 cxd4 4. Nxd4 Nf6 5. f3 e5 6. Bb5+ Bd7 7. Bxd7+ Nbxd7 8.
Nf5 Qc7 9. c4 g6 10. Ne3 Nb6 11. b3 Bg7 12. Nc3 a6 13. Bb2 O-O 14. O-O Rad8 15.
Kh1 Qc5 16. Ned5 Nbxd5 17. Nxd5 Nxd5 18. cxd5 Rc8 19. Rc1 Qb6 20. Qd2 h5 21. h3
Kh7 22. Qf2 Qb5 23. Rxc8 Rxc8 24. Rc1 Rxc1+ 25. Bxc1 Qd3 26. Qd2 Qxd2 27. Bxd2
f5 28. Kg1 Bf6 29. Kf2 Kg8 30. Ke2 Kf7 31. Kd3 Ke8 32. Kc4 Kd7 33. Ba5 h4 34.
Bb6 Bd8 35. Be3 b5+ 36. Kb4 Kc8 37. Bf2 Kb7 38. g3 hxg3 39. Bxg3 fxe4 40. fxe4
Bb6 41. Kc3 Bd4+ 42. Kd3 Kb6 43. Ke2 Kc5 44. Be1 Kb6 45. Kf3 Kc5 46. b4+ Kc4 47.
Kg4 Be3 48. h4 1-0

[Event "Titled Tue 1st Jul Late"]
[Site "chess.com INT"]
[Date "2025.07.01"]
[Round "8"]
[White "Bukreev, Stanislav"]
[Black "Shimanov, Aleksandr"]
[Result "0-1"]
[WhiteTitle "FM"]
[BlackTitle "GM"]
[WhiteElo "2305"]
[BlackElo "2578"]
[WhiteFideId "34252347"]
[BlackFideId "4198603"]
[EventDate "2025.07.01"]

1. d4 Nf6 2. c4 g6 3. Nf3 Bg7 4. Nc3 O-O 5. g3 c5 6. Bg2 cxd4 7. Nxd4 Qc7 8. Qd3
Nc6 9. Bf4 d6 10. Ndb5 Qa5 11. O-O Be6 12. Rfc1 Rfc8 13. h4 Nb4 14. Qd1 Rxc4 15.
Bg5 Rac8 16. a3 Nc6 17. b3 Rg4 18. b4 Qb6 19. Be3 Qd8 20. Nxa7 Nxa7 21. Bxa7
Rgc4 22. Na4 Ng4 23. Rxc4 Rxc4 24. Rc1 Qc7 25. Rxc4 Qxc4 26. Bf3 h5 27. Nb6 Qa2
28. Nd5 Kf8 29. Bb8 Be5 30. Nc7 Bc4 31. Bxb7 Bxe2 32. Qe1 Bd4 33. Bd5 Qb2 34.
Kh1 Nxf2+ 35. Kh2 Ng4+ 36. Kh3 Bf1+ 37. Qxf1 Qh2# 0-1

[Event "Titled Tue 1st Jul Late"]
[Site "chess.com INT"]
[Date "2025.07.01"]
[Round "8"]
[White "Shukhman, Anna"]
[Black "Becking, Stephan"]
[Result "0-1"]
[WhiteTitle "WGM"]
[BlackTitle "IM"]
[WhiteElo "2413"]
[BlackElo "2410"]
[WhiteFideId "54180058"]
[BlackFideId "4632478"]
[EventDate "2025.07.01"]

1. e4 e6 2. d4 d5 3. Nc3 Nf6 4. e5 Nfd7 5. f4 c5 6. Nf3 Nc6 7. Be3 a6 8. Qd2 b5
9. h4 Qb6 10. h5 h6 11. Qf2 Bb7 12. Bd3 cxd4 13. Nxd4 Nxd4 14. Bxd4 Bc5 15. Ne2
Bxd4 16. Qxd4 Qxd4 17. Nxd4 Ke7 18. O-O-O Rac8 19. Rh3 Rhd8 20. Rg3 Kf8 21. Re1
Nc5 22. f5 Ne4 23. Rf3 Kg8 24. fxe6 fxe6 25. Ref1 Ng5 26. Rf4 Rf8 27. Kd2 Rxf4
28. Rxf4 Rf8 29. Rxf8+ Kxf8 30. Kc3 Ke7 31. Kb4 Nf7 32. Kc5 Nxe5 33. Kb6 Bc8 34.
Nc6+ Nxc6 35. Kxc6 Bd7+ 36. Kb6 Bc8 37. Kc7 Bd7 38. Kb7 Kd6 39. Kxa6 Kc5 40. Ka5
b4 41. c3 bxc3 42. bxc3 e5 43. a4 Bg4 44. Ka6 e4 45. Bf1 e3 46. Kb7 e2 47. Bxe2
Bxe2 48. a5 d4 49. cxd4+ Kxd4 0-1

[Event "Titled Tue 1st Jul Late"]
[Site "chess.com INT"]
[Date "2025.07.01"]
[Round "8"]
[White "Baturin-Vinogradov, Miroslav"]
[Black "Kodihalli, Kaustubh"]
[Result "1-0"]
[WhiteTitle "CM"]
[WhiteElo "2046"]
[BlackElo "2038"]
[WhiteFideId "55745741"]
[BlackFideId "30956455"]
[EventDate "2025.07.01"]

1. e4 c5 2. Nf3 Nc6 3. Bb5 g6 4. Bxc6 dxc6 5. d3 Bg7 6. O-O Nf6 7. c3 O-O 8. Qe2
b5 9. Be3 Nd7 10. Nbd2 e5 11. d4 exd4 12. cxd4 cxd4 13. Bxd4 Bxd4 14. Nxd4 Qf6
15. Qe3 Bb7 16. f4 Rfe8 17. e5 Qd8 18. Rad1 Qb6 19. Ne4 c5 20. Nf3 Bxe4 21. Qxe4
Nf8 22. f5 Rad8 23. Rxd8 Rxd8 24. Ng5 c4+ 25. Kh1 Qd4 26. Qb7 Rd7 27. Qxb5 Qd3
28. Rg1 Qxf5 29. Nf3 Rd3 30. Qc6 Qf4 31. Re1 Ne6 32. h3 Qg3 33. Rf1 Nf4 34. Ne1
Rd1 35. Qe4 Nd3 36. Qxc4 Rxe1 37. Qxf7+ Kh8 38. Qf8# 1-0

[Event "Titled Tue 1st Jul Late"]
[Site "chess.com INT"]
[Date "2025.07.01"]
[Round "8"]
[White "Grutter, Tim"]
[Black "Tao, Sihan"]
[Result "1-0"]
[WhiteTitle "IM"]
[BlackTitle "FM"]
[WhiteElo "2404"]
[BlackElo "2202"]
[WhiteFideId "1057472"]
[BlackFideId "30982677"]
[EventDate "2025.07.01"]

1. e4 c6 2. e5 d5 3. exd6 exd6 4. Nf3 d5 5. g3 Bd6 6. Bg2 Nf6 7. O-O O-O 8. d4
Bf5 9. Bf4 Bxf4 10. gxf4 Be4 11. Nc3 Qd6 12. Nxe4 Nxe4 13. Ne5 Nd7 14. c3 Nef6
15. Bh3 Rfe8 16. Kh1 Nf8 17. f5 Ne4 18. f3 Ng5 19. Bg2 f6 20. Nd3 Nd7 21. Qd2
Re7 22. h4 Nf7 23. Nf4 Rae8 24. Ne6 Nf8 25. Bh3 Nxe6 26. fxe6 Nd8 27. Rg1 Nxe6
28. Rg4 h5 29. Rgg1 Nf4 30. Bf1 Ne2 31. Rg2 Ng3+ 32. Kg1 Nxf1 33. Rxf1 Qe6 34.
Qc2 Qe3+ 35. Kh1 Qf4 36. Rh2 Re1 37. Qf2 Rxf1+ 38. Qxf1 Re3 39. Kg2 Rd3 40. Qxd3
Qc1 41. Qe2 1-0

[Event "Titled Tue 1st Jul Late"]
[Site "chess.com INT"]
[Date "2025.07.01"]
[Round "8"]
[White "Wu, Derek"]
[Black "Ferrara, Enzo"]
[Result "1-0"]
[WhiteTitle "FM"]
[WhiteElo "2232"]
[BlackElo "2138"]
[WhiteFideId "30914558"]
[BlackFideId "137731"]
[EventDate "2025.07.01"]

1. e4 e6 2. d4 d5 3. Nc3 Bb4 4. Ne2 dxe4 5. a3 Be7 6. Nxe4 Nd7 7. c4 Ngf6 8.
Nxf6+ Nxf6 9. g3 c5 10. Bg2 cxd4 11. Nxd4 e5 12. Nb3 Qxd1+ 13. Kxd1 Bg4+ 14. Kc2
Bf5+ 15. Kc3 O-O-O 16. c5 Rd3+ 17. Kc4 e4 18. Nd4 Bg6 19. Be3 Ng4 20. Bh3 f5 21.
Bxg4 Bf7+ 22. Kb4 fxg4 23. Rhd1 b6 24. Nf5 Rb3+ 25. Ka4 b5+ 26. Ka5 Bd8+ 27. Ka6
Bc4 28. Kxa7 Kc7 29. Bf4+ Kc6 30. Nd4+ Kxc5 31. Nxb3+ Bxb3 32. Rac1+ Bc4 33. b3
Bb6+ 34. Kb7 Rd8 35. Be3+ 1-0

[Event "Titled Tue 1st Jul Late"]
[Site "chess.com INT"]
[Date "2025.07.01"]
[Round "8"]
[White "Leenhouts, Koen"]
[Black "Baker, Aidan"]
[Result "0-1"]
[WhiteTitle "GM"]
[WhiteElo "2476"]
[BlackElo "2130"]
[WhiteFideId "1008439"]
[BlackFideId "30981565"]
[EventDate "2025.07.01"]

1. e4 c5 2. Nf3 d6 3. d4 cxd4 4. Nxd4 Nf6 5. Nc3 Nc6 6. Bg5 e6 7. Qd2 a6 8.
O-O-O Bd7 9. f3 h5 10. h4 Be7 11. Kb1 Qc7 12. Nxc6 Bxc6 13. Bd3 O-O-O 14. Rhe1
d5 15. e5 Ne8 16. Ne2 f6 17. exf6 gxf6 18. Nd4 fxg5 19. Nxe6 Qd6 20. hxg5 Rd7
21. Bf5 Kb8 22. Nd4 Rc7 23. Re6 Qd8 24. Rde1 Bxg5 25. Qb4 Bd7 26. Rxa6 Rc4 27.
Qb3 Rxd4 28. Rb6 Qc7 29. Bxd7 Qxd7 30. Qc3 Qg7 31. Rbe6 Nc7 32. R6e5 Rc4 33. Qb3
Bf6 0-1

[Event "Titled Tue 1st Jul Late"]
[Site "chess.com INT"]
[Date "2025.07.01"]
[Round "8"]
[White "Sarquis, Maria Belen"]
[Black "Titichoca Daza, Daniel"]
[Result "0-1"]
[WhiteTitle "WIM"]
[BlackTitle "CM"]
[WhiteElo "2156"]
[BlackElo "2126"]
[WhiteFideId "111805"]
[BlackFideId "3309550"]
[EventDate "2025.07.01"]

1. e4 e5 2. Nf3 Nc6 3. Bc4 Nf6 4. d3 Bc5 5. c3 d6 6. a4 a6 7. Nbd2 Ba7 8. h3 h6
9. Nf1 O-O 10. Ng3 Ne7 11. Nh4 d5 12. exd5 Nexd5 13. Nhf5 Nf4 14. O-O Kh7 15. d4
Ng6 16. Qd2 exd4 17. Nxg7 Ng8 18. N7h5 Qh4 19. cxd4 Bxd4 20. Kh2 Ne5 21. Qc2+
Kh8 22. Kg1 Nxc4 23. Bf4 Be6 24. Rad1 c5 25. b3 Na5 26. b4 Bb3 27. Qf5 Bxd1 28.
Rxd1 Nc6 29. bxc5 Rad8 30. Bd6 Rfe8 31. Qxf7 Qg5 32. Bf4 Bxf2+ 33. Kxf2 Qxc5+
34. Be3 Qxe3+ 35. Kf1 Rxd1# 0-1

[Event "Titled Tue 1st Jul Late"]
[Site "chess.com INT"]
[Date "2025.07.01"]
[Round "8"]
[White "Gustafsson, Jan"]
[Black "Svane, Rasmus"]
[Result "1/2-1/2"]
[WhiteTitle "GM"]
[BlackTitle "GM"]
[WhiteElo "2591"]
[BlackElo "2626"]
[WhiteFideId "4625498"]
[BlackFideId "4657101"]
[EventDate "2025.07.01"]

1. Nf3 d5 2. e3 Nf6 3. c4 c6 4. Nc3 a6 5. d4 e6 6. Qc2 Nbd7 7. b3 Bd6 8. Bb2 O-O
9. Bd3 e5 10. cxd5 cxd5 11. dxe5 Nxe5 12. Nxe5 Bxe5 13. Ne2 Bxb2 14. Qxb2 Bg4
15. O-O Bxe2 16. Bxe2 Qa5 17. Rfd1 Rac8 18. Bf3 Rfd8 19. h3 h6 20. Rd3 Rd6 21.
Rad1 Rdc6 22. R3d2 Qb6 23. Bxd5 Nxd5 24. Rxd5 Rc2 25. Rd8+ Kh7 26. Qb1 g6 27.
Rxc8 Rxc8 28. Qe4 Qc7 29. Qd5 Kg7 30. g3 b5 31. Kg2 Qc6 32. Qxc6 Rxc6 33. Rd2
Kf6 34. f4 a5 35. Kf3 Ke6 36. g4 f5 37. gxf5+ gxf5 38. Rg2 Kf7 39. Rd2 Ke6 40.
Ke2 Rc3 41. Rd3 Rc2+ 42. Rd2 Rc3 43. Kf3 a4 44. bxa4 bxa4 45. Rd4 Ra3 46. Rd2
Rc3 47. Re2 Kd5 48. Rd2+ Ke6 1/2-1/2

[Event "Titled Tue 1st Jul Late"]
[Site "chess.com INT"]
[Date "2025.07.01"]
[Round "8"]
[White "Chakrabarti, Brejesh"]
[Black "Cernov, Henrik"]
[Result "0-1"]
[WhiteTitle "FM"]
[BlackTitle "FM"]
[WhiteElo "2282"]
[BlackElo "2325"]
[WhiteFideId "30969280"]
[BlackFideId "16258312"]
[EventDate "2025.07.01"]

1. c4 e5 2. g3 g6 3. Bg2 Bg7 4. Nc3 Ne7 5. Nf3 O-O 6. O-O Nbc6 7. d3 d6 8. Rb1
Nd4 9. e3 Nxf3+ 10. Bxf3 c6 11. b4 d5 12. cxd5 cxd5 13. Bb2 Be6 14. a3 Qd7 15.
Qd2 Rac8 16. Rfc1 f5 17. Qe2 e4 18. Bg2 g5 19. f4 exf3 20. Bxf3 Ng6 21. Bg2 f4
22. exf4 gxf4 23. Qxe6+ Qxe6 24. Bxd5 Qxd5 25. Nxd5 Rxc1+ 26. Bxc1 Bd4+ 27. Kg2
f3+ 28. Kf1 Ne5 29. Bf4 Ng4 30. Ne7+ Kf7 31. Nf5 Nxh2+ 32. Ke1 Bb6 0-1

[Event "Titled Tue 1st Jul Late"]
[Site "chess.com INT"]
[Date "2025.07.01"]
[Round "8"]
[White "Klys, Kacper"]
[Black "Hariharan, Shambavi"]
[Result "0-1"]
[WhiteTitle "CM"]
[BlackTitle "WCM"]
[WhiteElo "2218"]
[BlackElo "1936"]
[WhiteFideId "21005281"]
[BlackFideId "488160"]
[EventDate "2025.07.01"]

1. c4 e6 2. g3 Nf6 3. Bg2 d5 4. Nf3 b6 5. cxd5 exd5 6. O-O Bb7 7. d4 Be7 8. Nc3
O-O 9. Bf4 c6 10. Ne5 Nbd7 11. e3 Nxe5 12. dxe5 Nd7 13. g4 Nc5 14. Bg3 f6 15.
Rc1 fxe5 16. Bxe5 Bf6 17. Bg3 Qe7 18. b4 Nd7 19. b5 Bxc3 20. Rxc3 Nc5 21. bxc6
Bxc6 22. Bxd5+ Bxd5 23. Qxd5+ Kh8 24. Bd6 Qd7 25. Rd1 Qxg4+ 26. Bg3 h6 27. Rc4
Qe2 28. Rcd4 Rae8 29. Qc4 Qf3 30. Rf1 Ne4 31. Qc1 Ng5 32. Rh4 Re4 33. Rd1 Rxh4
34. Bxh4 Nh3+ 35. Kf1 Nxf2 36. Rd8 Nd3+ 0-1